Welcome to the Holygrace Academy Library

Please use search bar below to get started

WUTHERING HEIGHTS (Record no. 7174)

MARC details
000 -LEADER
fixed length control field 00482nam a22001457a 4500
020 ## - INTERNATIONAL STANDARD BOOK NUMBER
ISBN 939184192-9
082 ## - DEWEY DECIMAL CLASSIFICATION NUMBER
Classification number 823
Item number EMI/W
100 ## - MAIN ENTRY--AUTHOR NAME
Personal name BRONTE, EMILY
245 ## - TITLE STATEMENT
Title WUTHERING HEIGHTS
260 ## - PUBLICATION, DISTRIBUTION, ETC. (IMPRINT)
Place of publication BANGALORE
Name of publisher PRISM BOOKS PVT LTD
Year of publication 2023
300 ## - PHYSICAL DESCRIPTION
Number of Pages 240
520 ## - SUMMARY, ETC.
Summary, etc In this wild, stormy countryside, Lockwood asks his housekeeper, Nelly Dean, to tell him the story of Heathcliff and the strange denizens of Wuthering Heights.
650 ## - SUBJECT ADDED ENTRY--TOPICAL TERM
Topical Term ENGLISH LITERATURE
Geographic subdivision INDIA
942 ## - ADDED ENTRY ELEMENTS (KOHA)
Koha item type Books
Holdings
Withdrawn status Lost status Collection code Home library Current library Shelving location Date acquired Source of acquisition Cost, normal purchase price Full call number Accession Number Koha item type
    Fiction Main Library Main Library NEW SHELF WITH NEW ENTRY 11/11/2023 purchase 195.00 823 EMI/W 13310 Books